Teoría y problemas de contabilidad II
Bewaard in:
| Hoofdauteurs: | , |
|---|---|
| Formaat: | Boek |
| Taal: | Spaans |
| Gepubliceerd in: |
Ciudad de México
McGraw-Hill
1976
|
| Reeks: | Compendios Schaum
|
| Onderwerpen: | |
| Tags: |
Voeg label toe
Geen labels, Wees de eerste die dit record labelt!
|
MARC
| LEADER | 00000nam a2200000 a 4500 | ||
|---|---|---|---|
| 001 | UCR9230 | ||
| 003 | CL-VaPUC | ||
| 008 | 980613e19760000MX |||||||||||||||||spa|d | ||
| 082 | 0 | 4 | |a 657.042 |b CAS |2 21 |
| 100 | 0 | |a Cashin, James A |e author |9 411515 | |
| 700 | |a Lerner, Joel J |e author |9 412793 | ||
| 245 | 1 | 0 | |a Teoría y problemas de contabilidad II |
| 300 | |a 257 p | ||
| 942 | |c BK | ||
| 945 | |d 19980613 00:00:00 |a cmena | ||
| 260 | |a Ciudad de México |b McGraw-Hill |c 1976 | ||
| 500 | |a Teoría y 175 problemas resueltos | ||
| 650 | 0 | |a Contabilidad |9 261430 | |
| 650 | 0 | |a Auditoría |9 307008 | |
| 650 | 0 | |a Administración financiera |9 261146 | |
| 650 | 0 | |a Métodos de enseñanza |9 270413 | |
| 650 | 0 | |a Estados de cuentas |9 352305 | |
| 650 | 0 | |a Ciencias administrativas |9 337994 | |
| 650 | 0 | |a Economía |9 255568 | |
| 583 | |a last modification |c 19980613 00:00:00 |k Rodrigo Vera | ||
| 490 | 0 | |a Compendios Schaum | |
| 999 | |c 270432 |d 270430 | ||
| 952 | |0 0 |1 0 |4 0 |6 657_042000000000000_CAS_1976 |7 0 |8 A |9 304723 |a BIBENE |b BIBENE |d 2019-11-20 |i 1410989 |o 657.042 CAS 1976 |p 1410989 |r 2025-01-15 |w 2019-11-20 |y BK |k ICO | ||
| 952 | |0 0 |1 0 |4 0 |6 657_042000000000000_CAS_1976 |7 0 |8 A |9 304724 |a BIBGIM |b BIBGIM |d 2019-11-20 |i 1410997 |o 657.042 CAS 1976 |p 1410997 |r 2025-01-15 |w 2019-11-20 |y BK |k COM | ||